| 000 | 00631nam a2200217 4500 | ||
|---|---|---|---|
| 003 | OSt | ||
| 005 | 20260530113916.0 | ||
| 008 | 260508b1974 |||a|||| |||| 001 0 eng d | ||
| 040 |
_aICI _bspa _cICI _erda |
||
| 041 | _aeng | ||
| 050 |
_aLF795.L6 _bR69 |
||
| 100 |
_aLord Esher CBE MA DLitt PPRIBA _eRector _934128 |
||
| 245 | _aThe Royal College of Art 1974-75 | ||
| 264 |
_aLondon _bRoyal College of Art _c1974 |
||
| 300 | _a71 páginas | ||
| 336 |
_2rdacontent _atexto |
||
| 337 |
_2rdamedia _asin medio |
||
| 338 |
_2rdacarrier _avolumen |
||
| 650 |
_aEducación artística _xEnseñanza _zReino Unido _934129 |
||
| 942 |
_2lcc _n1 _cBK |
||
| 999 |
_c12300 _d12300 |
||